Kisah Nur dan teladan buat perindu syurga /

Bibliographic Details
Main Author: Zubaidi Wahyono Rahmat
Format: Book
Published: Kuala Lumpur: Utusan Publications & Distributors, 2005.
Subjects:
LEADER 00620cam a2200193 7i4500
001 0000023049
005 20151104090000.0
005 ##20151104125300.0
003 ##MY-KlINT
020 # # |a 9676116629  
039 # 9 |y 201511041253  |z VLOAD 
090 0 0 |a E 297.63   |b ZUB 
100 1 # |a Zubaidi Wahyono Rahmat 
245 1 0 |a Kisah Nur dan teladan buat perindu syurga /   |c Zubaidi Wahyono Rahmat. 
260 # # |a Kuala Lumpur:   |b Utusan Publications & Distributors,   |c 2005. 
300 # # |a 169 ms;   |c 21cm. 
500 # # |a Mengandungi rujukan bibliografi 
650 # 0 |a Muhammad, Prophet, d. 632  
650 # 0 |a Muhammad, Prophet, d.632 --   |x Friend and associates